000 00670nam a2200217 a 4500
001 000036107
005 20200930074901.0
008 111213s2011 pr 000 f spa d
020 _a9789945455526
040 _aDO-SdBNP
_bspa
_cBNPHU
082 _aPR863.44
_bN325c
100 1 _aNavia, Beatriz
_962143
245 1 4 _aLas ciudades de Lucía /
_cBeatriz Navia.
260 _aSan Juan, Puerto Rico :
_bIsla Negra,
_c2011.
300 _a318 p. ;
_c24 cm.
490 1 _aLa montaña de papel
650 4 _aNovela puertorriqueña
_91185
650 4 _aLiteratura puertorriqueña
_9250
830 3 _aLa montaña de papel
_91186
910 _aValidado. Control de calidad BNPHU
999 _c35598
_d35598